header

Systems engineering to improve traumatic brain injury care in the military health system (Record no. 2089)

MARC details
000 -LEADER
fixed length control field 01510nam a2200337 a 4500
245 00 - TITLE STATEMENT
Title Systems engineering to improve traumatic brain injury care in the military health system
260 ## - PUBLICATION, DISTRIBUTION, ETC. (IMPRINT)
Place of publication Washington, D.C. :
Name of publisher National Academies Press,
Year of publication 2009.
300 ## - PHYSICAL DESCRIPTION
Number of Pages xix, 174 p. :
Other physical details ill.
650 #0 - SUBJECT ADDED ENTRY--TOPICAL TERM
Topical Term Medicine, Military
Topical Term Brain
Topical Term Systems engineering
700 1# - ADDED ENTRY--PERSONAL NAME
Personal name Butler, David
856 40 - ELECTRONIC LOCATION AND ACCESS
Uniform Resource Identifier http://site.ebrary.com/lib/rucke/Doc?id=10286200

No items available.

© 2026 Rongo University
Contact us: librarian | system librarian | Rongo university